Statistiques concernant Culture Générale - Série 1933

Cliquez ici pour prendre le quiz!

Statistiques générales

  • Ce quiz a été pris 36 fois
  • Le résultat moyen est 3 sur 10

Statistiques - réponses

QuestionRéponse% Correct
Dans quelle ville française de la Drôme est cantonné le 1er régiment de spahis (unité de l'armée française relevant de l'arme blindée) ?Valence
63%
Quel mot d'origine arabe est employé pour caractériser une grande randonnée ?trek
57%
Dans quel département français se trouve la ville de Toul ?Meurthe-et-Moselle
57%
Dans quel département français se trouve la ville de Redon ?Ille-et-Vilaine
43%
Dans la mythologie grecque, quelle est la muse de l'histoire ?Clio
43%
Comment appelle-t-on un un défaut de réfraction de l’œil que l’on a depuis l’enfance ?hypermétropie
9%
Quel animal est le "ragot" ?sanglier
6%
et quel animal est la mascotte de ce régiment ?bélier
6%
Comment appelle-t-on le tissu végétal localisé à la périphérie d'une tige (ou tronc) ou d'une racine, synonyme de "suber" ou "phellème" ?liège
3%
Pour les Catalans, ce prénommé Raymond serait le créateur de la langue catalaneLulle
0%

Distribution des résultats

Percentile par nombre de réponses

% des personnes avec chaque résultat

Votre développement - résultats

Vous n’avez pas pris ce quiz